Solids - Sudden Death! - Statistics

General Stats
  • This quiz has been taken 235 times
    228 since last reset
  • The average score is 13 of 23
Answers on the Grid
Answers color-coded by a green-red scale on the quiz's grid according to % correct below.
Cardboard
Lead
Nylon
Asphalt
Clay
Sand
Chocolate
Cotton
Paper
Wax
Hair gel
Sponge
Iron
Honey
Mayonnaise
Iodine
Fire
Wood
Paint
Caramel
Wheat
Glass
Dirt
Bronze
Carbon dioxide
Strawberries
Aluminum
Ash
Light
Ink
Cobalt
Ginger ale
Cider
Herbal tea
Lemonade
Electricity
 
Answer Stats
Answer % Correct
Paper
70%
Cardboard
68%
Iron
68%
Strawberries
68%
Dirt
67%
Glass
67%
Bronze
66%
Clay
66%
Wood
65%
Asphalt
63%
Cotton
63%
Sand
63%
Wheat
63%
Aluminum
62%
Lead
62%
Chocolate
59%
Sponge
58%
Wax
54%
Ash
50%
Cobalt
50%
Nylon
49%
Iodine
11%
Ink
1%
No matching quizzes found
Score Distribution
Percent of People with Each Score
Percentile by Number Answered
Your Score History
You have not taken this quiz since the last reset